Aik he boli (Record no. 16803)
[ view plain ]
| 000 -LEADER | |
|---|---|
| fixed length control field | 00397nam a22001697a 4500 |
| 003 - CONTROL NUMBER IDENTIFIER | |
| control field | NUST |
| 008 - FIXED-LENGTH DATA ELEMENTS--GENERAL INFORMATION | |
| fixed length control field | 140107t xxu||||| |||| 00| 0 eng d |
| 020 ## - INTERNATIONAL STANDARD BOOK NUMBER | |
| International Standard Book Number | 969-35-1368-1 |
| 038 ## - RECORD CONTENT LICENSOR | |
| Staff Name | ASAB |
| 082 ## - DEWEY DECIMAL CLASSIFICATION NUMBER | |
| Classification number | Fic |
| 100 ## - MAIN ENTRY--PERSONAL NAME | |
| Personal name | Ashfaq Ahmad |
| 9 (RLIN) | 532 |
| 245 ## - TITLE STATEMENT | |
| Title | Aik he boli |
| Remainder of title | Phulkari |
| 246 ## - VARYING FORM OF TITLE | |
| Title proper/short title | aik hi boli |
| 260 ## - PUBLICATION, DISTRIBUTION, ETC. | |
| Place of publication, distribution, etc. | Lahore |
| Name of publisher, distributor, etc. | Sang e Meel publications |
| Date of publication, distribution, etc. | 2007 |
| 300 ## - PHYSICAL DESCRIPTION | |
| Extent | 123 P |
| 942 ## - ADDED ENTRY ELEMENTS (KOHA) | |
| Source of classification or shelving scheme | |
| Koha item type | Book |
| Withdrawn status | Lost status | Source of classification or shelving scheme | Damaged status | Not for loan | Collection code | Permanent Location | Current Location | Date acquired | Total Checkouts | Full call number | Barcode | Date last seen | Price effective from | Koha item type |
|---|---|---|---|---|---|---|---|---|---|---|---|---|---|---|
| Atta-ur-Rahman School of Applied Biosciences (ASAB) | Atta-ur-Rahman School of Applied Biosciences (ASAB) | 01/07/2014 | Fic Ahmad | ASAB2417 | 01/07/2014 | 01/07/2014 | Book | |||||||
| Atta-ur-Rahman School of Applied Biosciences (ASAB) | Atta-ur-Rahman School of Applied Biosciences (ASAB) | 01/07/2014 | Fic Ahmad | ASAB2416 | 01/07/2014 | 01/07/2014 | Book | |||||||
| Atta-ur-Rahman School of Applied Biosciences (ASAB) | Atta-ur-Rahman School of Applied Biosciences (ASAB) | 01/07/2014 | Fic Ahmad | ASAB2415 | 01/07/2014 | 01/07/2014 | Book | |||||||
| Atta-ur-Rahman School of Applied Biosciences (ASAB) | Atta-ur-Rahman School of Applied Biosciences (ASAB) | 01/07/2014 | Fic Ahmad | ASAB2414 | 01/07/2014 | 01/07/2014 | Book | |||||||
| Atta-ur-Rahman School of Applied Biosciences (ASAB) | Atta-ur-Rahman School of Applied Biosciences (ASAB) | 01/07/2014 | Fic Ahmad | ASAB2413 | 09/26/2018 | 01/07/2014 | Book |
